Нанотехнологии в электронике. Введение в специальность: [учебное пособие]

Bibliografische gegevens
Hoofdauteur: Лозовский В. Н. Владимир Николаевич
Andere auteurs: Лозовский С. В. Сергей Владимирович
Samenvatting:Пособие состоит из трех частей. Первая посвящена особенностям современного высшего технического образования и роли его фундаментальной составляющей в подготовке специалистов любого профиля. Вторая часть раскрывает логику развития электроники и важные вехи ее истории, включая ламповую электронику, дискретную полупроводниковую и интегральную полупроводниковую электронику, а также ее переход в современную массовую кремниевую наноэлектронику. В третьей части книги описаны новые перспективные направления наноэлектроники и средства ее инструментального, технологического и метрологического обеспечения. Учебное пособие предназначено для бакалавров, обучающихся по направлениям подготовки "Нанотехнологии и микросистемная техника", "Электроника и наноэлектроника", "Наноматериалы" и другим, имеющим нанотехнологическую направленность.
Taal:Russisch
Gepubliceerd in: Санкт-Петербург, Лань, 2019
Editie:2-е изд., стер.
Reeks:Бакалавриат
Учебники для вузов. Специальная литература
Onderwerpen:
Formaat: Boek
KOHA link:https://koha.lib.tpu.ru/cgi-bin/koha/opac-detail.pl?biblionumber=340738

MARC

LEADER 00000nam0a2200000 4500
001 340738
005 20231102005254.0
010 |a 9785811439867 
035 |a (RuTPU)RU\TPU\book\367680 
090 |a 340738 
100 |a 20180405d2019 m y0rusy50 ca 
101 0 |a rus 
102 |a RU 
105 |a a j 001zy 
200 1 |a Нанотехнологии в электронике. Введение в специальность  |e [учебное пособие]  |f В. Н. Лозовский, С. В. Лозовский 
205 |a 2-е изд., стер. 
210 |a Санкт-Петербург  |c Лань  |d 2019 
215 |a 332 с.  |c ил. 
225 1 |a Бакалавриат 
225 1 |a Учебники для вузов. Специальная литература 
320 |a Библиогр.: с. 323 
320 |a Предметный указатель: с. 324-327 
320 |a Список сокращений: с. 3 
330 |a Пособие состоит из трех частей. Первая посвящена особенностям современного высшего технического образования и роли его фундаментальной составляющей в подготовке специалистов любого профиля. Вторая часть раскрывает логику развития электроники и важные вехи ее истории, включая ламповую электронику, дискретную полупроводниковую и интегральную полупроводниковую электронику, а также ее переход в современную массовую кремниевую наноэлектронику. В третьей части книги описаны новые перспективные направления наноэлектроники и средства ее инструментального, технологического и метрологического обеспечения. Учебное пособие предназначено для бакалавров, обучающихся по направлениям подготовки "Нанотехнологии и микросистемная техника", "Электроника и наноэлектроника", "Наноматериалы" и другим, имеющим нанотехнологическую направленность. 
606 1 |a Наноэлектроника  |2 stltpush  |3 (RuTPU)RU\TPU\subj\58929  |9 76611 
610 1 |a инженерная подготовка 
610 1 |a высшее техническое образование 
610 1 |a инженерная деятельность 
610 1 |a электроника 
610 1 |a этапы развития 
610 1 |a квантовая физика 
610 1 |a полупроводниковые структуры 
610 1 |a микроэлектроника 
610 1 |a низкоразмерные объекты 
610 1 |a электроны 
610 1 |a энергетический спектр 
610 1 |a резонансный туннельный эффект 
610 1 |a полупроводниковые сверхрешетки 
610 1 |a одноэлектронные устройства 
610 1 |a спинтроника 
610 1 |a молекулярная электроника 
610 1 |a явления 
610 1 |a устройства 
610 1 |a наноструктуры 
610 1 |a получение 
610 1 |a эпитаксиальные методы 
610 1 |a нанолитография 
610 1 |a зондовые нанотехнологии 
610 1 |a графен 
610 1 |a углеродные нанотрубки 
610 1 |a линейные меры 
610 1 |a введение в специальность 
610 1 |a учебные пособия 
675 |a 621.382:53(075.8)  |v 4 
700 1 |a Лозовский  |b В. Н.  |g Владимир Николаевич 
701 1 |a Лозовский  |b С. В.  |g Сергей Владимирович 
801 1 |a RU  |b 63413507  |c 20180405 
801 2 |a RU  |b 63413507  |c 20191213  |g RCR 
942 |c BK 
959 |a 1/20180221  |d 2  |e 950,40  |f ЧЗТЛ:1  |f УФ:1